| 000 | 00454nam a22001697a 4500 | ||
|---|---|---|---|
| 003 | OSt | ||
| 008 | 240413b |||||||| |||| 00| 0 eng d | ||
| 020 | _a9789386235756 | ||
| 082 |
_a511.332 _b SAI |
||
| 100 | _aSARKAR, Bikash Kanti and KUMAR, Ambuj | ||
| 245 | _aIntroduction to Theory of Computation | ||
| 250 | _aIst. ed. | ||
| 260 |
_aTelangana _bUniversities Press (India) Pvt. Ltd. _c2019 |
||
| 300 | _a398 p. | ||
| 650 | _aBCA | ||
| 942 |
_2ddc _cBK |
||
| 999 |
_c12489 _d12489 |
||